Statistics for Chinese Provinces by Borders in 30 Seconds

Click here to take the quiz!

General Stats

  • This quiz has been taken 367 times
  • The average score is 26 of 33

Answers on the Map

Answers color-coded by a green-red scale on the quiz's map according to % correct below.
 

Answer Stats

BordersProvince% Correct
Shanxi, Inner Mongolia, Liaoning, Beijing, Tianjin, Shandong, HenanHebei
95%
Xinjiang, Qinghai, Sichuan, YunnanTibet
95%
Tibet, Xinjiang, Gansu, SichuanQinghai
94%
Qinghai, Xinjiang, Inner Mongolia, Ningxia, Shaanxi, SichuanGansu
92%
Gansu, Qinghai, TibetXinjiang
92%
Heilongjiang, Jilin, Liaoning, Hebei, Shanxi, Shaanxi, Ningxia, GansuInner Mongolia
91%
Gansu, Ningxia, Inner Mongolia, Shanxi, Henan, Hubei, Chongqing, SichuanShaanxi
91%
Tibet, Qinghai, Gansu, Shaanxi, Chongqing, Guizhou, YunnanSichuan
91%
Shaanxi, Inner Mongolia, Hebei, HenanShanxi
88%
Tibet, Sichuan, Guizhou, GuangxiYunnan
86%
Guangxi, Hunan, Jiangxi, Fujian, Hong Kong, MacauGuangdong
85%
Inner Mongolia, Heilongjiang, LiaoningJilin
84%
Hebei, Inner Mongolia, JilinLiaoning
84%
Inner Mongolia, JilinHeilongjiang
83%
Gansu, Inner Mongolia, ShaanxiNingxia
83%
Hebei, BeijingTianjin
83%
Hebei, TianjinBeijing
82%
Hunan, Hubei, Anhui, Zhejiang, Fujian, GuangdongJiangxi
82%
Guizhou, Chongqing, Hubei, Jiangxi, Guangdong, GuangxiHunan
81%
Anhui, Henan, Shandong, Shanghai, ZhejiangJiangsu
80%
Shaanxi, Shanxi, Hebei, Shandong, Jiangsu, Anhui, HubeiHenan
79%
Chongqing, Shaanxi, Henan, Anhui, Jiangxi, HunanHubei
79%
Sichuan, Shaanxi, Hubei, Hunan, GuizhouChongqing
78%
Hubei, Henan, Shandong, Jiangsu, Zhejiang, JiangxiAnhui
75%
Yunnan, Sichuan, Chongqing, Hunan, GuangxiGuizhou
74%
Jiangxi, Anhui, Jiangsu, Shanghai, FujianZhejiang
73%
Henan, Hebei, Jiangsu, AnhuiShandong
71%
Yunnan, Guizhou, Hunan, GuangdongGuangxi
69%
Guangdong, Jiangxi, ZhejiangFujian
68%
GuangdongHong Kong
62%
Jiangsu, ZhejiangShanghai
62%
Hainan
60%
GuangdongMacau
55%

Score Distribution

Percentile by Number Answered

Percent of People with Each Score

Your Score History

You have not taken this quiz